[Event "Jack Collins Int Gp A"]
[Site "New York USA"]
[Date "2000.06.13"]
[Round "2"]
[White "Zugic,I"]
[Black "Gross,Dav GER"]
[Result "1-0"]
[WhiteElo "2396"]
[BlackElo "2465"]

1.d4 Nf6 2.c4 g6 3.Nc3 d5 4.cxd5 Nxd5 5.e4 Nxc3 6.bxc3 Bg7 7.Be3 c5 8.Rc1 Qa5
9.Qd2 cxd4 10.cxd4 Qxd2+ 11.Bxd2 O-O 12.Nf3 e6 13.Bb5 a6 14.Bb4 axb5 15.Bxf8 Bxf8
16.Rxc8 Rxa2 17.O-O Na6 18.Ne5 Kg7 19.Nd7 Ba3 20.e5 b4 21.Nf6 b3 22.Rg8+ Kh6
23.h4 Be7 24.g4 Bxf6 25.exf6 b2 26.f3 Ra1 27.Rg7 Rxf1+ 28.Kxf1 b1=Q+ 29.Kg2 Qc1
30.g5+ Qxg5+ 31.hxg5+ Kxg5 32.Rxf7 Kf5 33.d5  1-0

[Event "Jack Collins Int Gp B"]
[Site "New York USA"]
[Date "2000.06.13"]
[Round "2"]
[White "Shliperman,I"]
[Black "Shahade,G"]
[Result "1/2-1/2"]
[WhiteElo "2467"]
[BlackElo "2461"]

1.d4 Nf6 2.c4 g6 3.Nc3 d5 4.cxd5 Nxd5 5.e4 Nxc3 6.bxc3 Bg7 7.Bc4 O-O 8.Ne2 c5
9.Be3 Nc6 10.O-O Bg4 11.f3 Na5 12.Bd3 cxd4 13.cxd4 Be6 14.d5 Bxa1 15.Qxa1 f6
16.Bh6 Re8 17.Rb1 a6 18.Qd4 Bf7 19.Rb6 Rc8 20.Be3 e6 21.Bh6 Nc4 22.Rxb7 exd5
23.exd5 Nd6 24.Rb6 Re5 25.Bxa6 Nf5 26.Qb4 Nxh6 27.Bxc8 Rxe2 28.Rb8 Re8 29.d6 Nf5
30.d7 Rf8 31.a4 Qc7 32.h3 Qc1+ 33.Kh2 Qc7+ 34.Kg1 Rd8 35.a5 Qc1+ 36.Kh2 Qc7+
37.f4 Ne3 38.a6 Nd5 39.Qb3 Ne7 40.Qb6 Qxf4+ 41.Kh1 Kg7 42.a7 Nf5  1/2-1/2

[Event "zt 1.9"]
[Site "Ordzhonikidze UKR"]
[Date "2000.06.13"]
[Round "5"]
[White "Kruppa,Y"]
[Black "Zubov,A UKR"]
[Result "1/2-1/2"]
[WhiteElo "2561"]
[BlackElo "2482"]

1.d4 Nf6 2.c4 g6 3.Nc3 d5 4.cxd5 Nxd5 5.e4 Nxc3 6.bxc3 Bg7 7.Nf3 O-O 8.Be2 c5
9.h3 b5 10.Be3 Bb7 11.Qd3 cxd4 12.cxd4 Nd7 13.O-O Nb6 14.Qb1 Na4 15.Rc1 a6
16.Bd1 Qd7 17.Ne5 Bxe5 18.dxe5 Rfc8 19.Bxa4 Rxc1+ 20.Bxc1 bxa4 21.Ba3 Qd4  1/2-1/2

[Event "Jack Collins Int Gp A"]
[Site "New York USA"]
[Date "2000.06.14"]
[Round "3"]
[White "Bonin,J"]
[Black "Zugic,I"]
[Result "1/2-1/2"]
[WhiteElo "2419"]
[BlackElo "2396"]

1.d4 Nf6 2.c4 g6 3.Nc3 d5 4.cxd5 Nxd5 5.e4 Nxc3 6.bxc3 Bg7 7.Nf3 c5 8.Bb5+ Nc6
9.O-O cxd4 10.cxd4 O-O 11.Be3 Bg4 12.Bxc6 bxc6 13.Rc1 Qa5 14.Qd2 Qxd2 15.Nxd2 Rfd8
16.Nb3 a5 17.Rxc6 a4 18.Nc5 Be2 19.Re1 Bxd4  1/2-1/2

[Event "11th Open"]
[Site "Ljubljana SLO"]
[Date "2000.06.18"]
[Round "2"]
[White "Skok,B"]
[Black "Sebenik,M"]
[Result "0-1"]
[WhiteElo "2091"]
[BlackElo "2294"]

1.d4 Nf6 2.c4 g6 3.Nc3 d5 4.cxd5 Nxd5 5.e4 Nxc3 6.bxc3 Bg7 7.Nf3 c5 8.Rb1 O-O
9.Be2 cxd4 10.cxd4 Qa5+ 11.Bd2 Qxa2 12.O-O Bd7 13.Rxb7 Bc6 14.Rc7 Bxe4 15.Bc4 Qa3
16.Ng5 Qd6 17.Qc1 Bd5 18.Bb4 Qxc7 19.Bxd5 Na6 20.Bc5 Nxc5 21.Bxa8 Rxa8 22.dxc5 h6
23.Ne4 a5 24.Qa3 Qe5 25.Qf3 Rc8 26.h4 a4 27.Ng3 Qxc5 28.h5 a3 29.hxg6 fxg6
30.Qg4 Qc6 31.Qe2 Qc4 32.Qxe7 a2 33.Rd1 a1=Q 34.Rxa1 Bxa1 35.Ne4 Qc1+ 36.Kh2 Qc7+  0-1

[Event "Balatontourist Open"]
[Site "Budapest HUN"]
[Date "2000.06.19"]
[Round "4"]
[White "Toth,M"]
[Black "Zsatkovics,E"]
[Result "1-0"]
[WhiteElo "2181"]
[BlackElo "2015"]

1.d4 Nf6 2.c4 g6 3.Nc3 d5 4.cxd5 Nxd5 5.e4 Nxc3 6.bxc3 Bg7 7.Bb5+ Bd7 8.Be2 c5
9.Nf3 Nc6 10.O-O O-O 11.Rb1 Qc7 12.Bg5 Rfe8 13.Qd2 cxd4 14.cxd4 Rad8 15.d5 Ne5
16.d6 Nxf3+ 17.Bxf3 Qc5 18.Rfc1 Qe5 19.dxe7 Ra8 20.Rxb7 Be6 21.Bf4 Qf6 22.e5 Qh4
23.Bg5 Qa4 24.Rb4  1-0

[Event "White Nights Open"]
[Site "St Petersburg RUS"]
[Date "2000.06.23"]
[Round "1"]
[White "Aleksandrov,D"]
[Black "Orlov,Va"]
[Result "0-1"]
[WhiteElo "2254"]
[BlackElo "2444"]

1.d4 Nf6 2.c4 g6 3.Nc3 d5 4.cxd5 Nxd5 5.e4 Nxc3 6.bxc3 Bg7 7.Nf3 O-O 8.Be2 c5
9.O-O cxd4 10.cxd4 Nc6 11.Be3 Bg4 12.d5 Bxf3 13.Bxf3 Na5 14.Rc1 b5 15.Bd4 Qd6
16.Be2 a6 17.Bxg7 Kxg7 18.Qd2 Qb6 19.Qc3+ f6 20.Qc7 Qxc7 21.Rxc7 Kf7 22.d6 Rfe8
23.Rd1 Rab8 24.d7 Red8 25.Ra7 Rb6 26.f4 e6 27.f5 Ke7 28.fxe6 Nc6 29.Rc7 Ne5
30.a4 bxa4 31.Ra1 Rxe6 32.Rxa4 Rxd7 33.Rxd7+ Nxd7 34.Rxa6 Rxa6 35.Bxa6 Nc5
36.Bc4 Nxe4 37.Bd5 f5 38.Kf1 Kf6 39.Bg8 Kg5 40.Ke2 Nf6 41.Be6 Kf4 42.Bc8 h5
43.Bb7 h4 44.Kf2 Ng4+ 45.Kg1 Ke3 46.Bc8 Ke2 47.Bb7 Ne3 48.Bf3+ Ke1 49.h3 Nc2
50.Bc6 Nd4 51.Be8 g5 52.Bd7 Ne2+ 53.Kh2 f4 54.Bc6 Kf2 55.Bd5 Ng3 56.Bf3 Nf1+
57.Kh1 Nd2 58.Bd5 f3 59.Kh2 fxg2 60.Bxg2 Nf3+  0-1

[Event "White Nights Men"]
[Site "St Petersburg RUS"]
[Date "2000.06.23"]
[Round "1"]
[White "Kruppa,Y"]
[Black "Polovodin,I"]
[Result "1-0"]
[WhiteElo "2561"]
[BlackElo "2434"]

1.d4 Nf6 2.c4 g6 3.Nc3 d5 4.cxd5 Nxd5 5.e4 Nxc3 6.bxc3 Bg7 7.Nf3 c5 8.h3 Nc6
9.Be3 Qa5 10.Bd2 O-O 11.Be2 cxd4 12.cxd4 Qa3 13.d5 Nb4 14.O-O a5 15.Bc1 Qc3
16.Rb1 Nxa2 17.Bb2 Qc7 18.Bxg7 Kxg7 19.Rb3 Kg8 20.Qa1 a4 21.Qxa2 axb3 22.Qxa8 Qc2
23.Bd1 Qxe4 24.Qa3 Qxd5 25.Bxb3 Qb5 26.Re1 e6 27.Ne5 h5 28.Re3 b6 29.Qe7  1-0

[Event "White Nights Men"]
[Site "St Petersburg RUS"]
[Date "2000.06.26"]
[Round "4"]
[White "Polovodin,I"]
[Black "Bagirov,R"]
[Result "1/2-1/2"]
[WhiteElo "2434"]
[BlackElo "2481"]

1.d4 Nf6 2.c4 g6 3.Nc3 d5 4.cxd5 Nxd5 5.e4 Nxc3 6.bxc3 Bg7 7.Nf3 c5 8.h3 Nc6
9.Be3 O-O 10.Be2 b6 11.O-O Bb7 12.d5 Ne5 13.Nxe5 Bxe5 14.Qb3 f5 15.f4 Bg7
16.d6+ Kh8 17.e5 exd6 18.Rad1 Qh4 19.Rxd6 Qg3 20.Bf3 Bxf3 21.Rxf3 Qe1+ 22.Kh2 Rad8
23.Bf2 Qe4 24.Bh4 Rde8 25.e6 c4 26.Qa4 Rxe6 27.Rxe6 Qxe6 28.Qxa7 Re8 29.a4 Qc6
30.Bf2 Ra8 31.Qf7 Rf8 32.Qe7 Re8 33.Qb4 Ra8 34.Qxb6 Qxb6 35.Bxb6 Rxa4 36.Re3 Kg8
37.Bd4 Bxd4 38.cxd4 Kf7  1/2-1/2

[Event "AKN Open"]
[Site "Haarlem NED"]
[Date "2000.07.01"]
[Round "4"]
[White "Khenkin,I"]
[Black "Nijboer,F"]
[Result "1-0"]
[WhiteElo "2622"]
[BlackElo "2540"]

1.d4 Nf6 2.c4 g6 3.Nc3 d5 4.cxd5 Nxd5 5.e4 Nxc3 6.bxc3 Bg7 7.Be3 c5 8.Qd2 Qa5
9.Nf3 Nc6 10.Rb1 b6 11.Bb5 Bd7 12.d5 Nb8 13.Bxd7+ Nxd7 14.Rc1 O-O 15.O-O Rad8
16.Bg5 f6 17.Bf4 Rfe8 18.Rfd1 Nf8 19.c4 Qxd2 20.Nxd2 e6 21.f3 g5 22.Be3 h6
23.dxe6 Nxe6 24.Nf1 f5 25.Rxd8 Rxd8 26.exf5 Nd4 27.Ng3 Nc6 28.Ne4 Bd4 29.Bxd4 Rxd4
30.Rc2 Ne5 31.Nd2 Kf7 32.Kf2 Nd3+ 33.Ke2 Nf4+ 34.Kf1 h5 35.Ne4 g4 36.Kf2 Nd3+
37.Ke3 gxf3 38.Ng5+ Kf6 39.Nxf3 Rd7 40.Rd2 Ne5 41.Rxd7 Nxd7 42.Kf4  1-0

[Event "White Nights Men"]
[Site "St Petersburg RUS"]
[Date "2000.07.01"]
[Round "8"]
[White "Kruppa,Y"]
[Black "Bagirov,R"]
[Result "1-0"]
[WhiteElo "2561"]
[BlackElo "2481"]

1.d4 Nf6 2.c4 g6 3.Nc3 d5 4.cxd5 Nxd5 5.e4 Nxc3 6.bxc3 Bg7 7.Nf3 c5 8.h3 Nc6
9.Be3 O-O 10.Be2 b6 11.Qd2 cxd4 12.cxd4 Bb7 13.Rd1 Na5 14.d5 Rc8 15.Bd4 Nc4
16.Bxc4 Rxc4 17.O-O Qd6 18.Bxg7 Kxg7 19.Nd4 Qb4 20.Qe3 Rd8 21.f4 Qd6 22.f5 Kh8
23.fxg6 Qxg6 24.Rf4 Bc8 25.Qf3 f6 26.Nc6 Re8 27.Rf1 Bd7 28.Nxe7 Rxe7 29.Rxf6 Qg5
30.Rf8+ Kg7 31.Rg8+  1-0

[Event "White Nights Open"]
[Site "St Petersburg RUS"]
[Date "2000.07.02"]
[Round "9"]
[White "Malinin,V"]
[Black "Rogovoi,M"]
[Result "1-0"]
[WhiteElo "2338"]
[BlackElo "2237"]

1.d4 Nf6 2.c4 g6 3.Nc3 d5 4.cxd5 Nxd5 5.e4 Nxc3 6.bxc3 Bg7 7.Bc4 O-O 8.Ne2 Nc6
9.Be3 b6 10.Qd2 Na5 11.Bd3 c5 12.h4 e5 13.dxc5 Be6 14.Rd1 Qc7 15.Bh6 Bxh6
16.Qxh6 Bxa2 17.h5 Qe7 18.c4 Rfd8 19.Nc3 Bxc4 20.Bxc4 Rxd1+ 21.Kxd1 Nxc4
22.Nd5 Rd8 23.Ke2 Qe6 24.f3 Kh8 25.g4 bxc5 26.Kf2 Nb6 27.hxg6 Qxg6 28.Qh4 Rxd5
29.exd5 Kg7 30.Qe7 Nxd5 31.Qxe5+ Nf6 32.g5  1-0

[Event "ch-SWE"]
[Site "Orebro SWE"]
[Date "2000.07.04"]
[Round "3"]
[White "Hellsten,J"]
[Black "Ernst,T"]
[Result "1/2-1/2"]
[WhiteElo "2470"]
[BlackElo "2409"]

1.d4 Nf6 2.c4 g6 3.Nc3 d5 4.cxd5 Nxd5 5.e4 Nxc3 6.bxc3 Bg7 7.Bb5+ c6 8.Ba4 b5
9.Bb3 b4 10.Qf3 O-O 11.Ne2 bxc3 12.h4 h5 13.Qxc3 Bb7 14.O-O c5 15.Qxc5 Bxe4
16.Bg5 Nd7 17.Qa3 Bf6 18.Rfe1 Bxg5 19.hxg5 e6 20.Nf4 Bf5 21.d5 Qxg5 22.Nxe6 fxe6
23.dxe6 Nf6 24.e7+ Rf7 25.Rad1 Re8 26.Rd8 Bd7 27.Qxa7 Bc6 28.f3 Kg7 29.Rxe8 Bxe8
30.Qd4 Qa5 31.Re5 Qa3 32.Bxf7 Kxf7 33.Qc4+ Kg7 34.Re1 Qa5 35.Qe2 Bf7 36.Qf2 Ne8
37.Re2 Qc3 38.Kh2 Nf6 39.Qe3 Qc4 40.Qe5 Be8 41.Re4 Qxa2 42.Rf4 Qa6 43.g4 hxg4
44.fxg4 g5 45.Qxg5+ Kf7 46.Qh5+ Kxe7 47.Qc5+ Kd8 48.Qg5 Qe2+ 49.Kh3 Qe3+
50.Kh2 Qe2+  1/2-1/2

[Event "ch-SWE"]
[Site "Orebro SWE"]
[Date "2000.07.04"]
[Round "3"]
[White "Rylander,D"]
[Black "Akesson,R"]
[Result "1/2-1/2"]
[WhiteElo "2223"]
[BlackElo "2486"]

1.d4 Nf6 2.c4 g6 3.Nc3 d5 4.cxd5 Nxd5 5.e4 Nxc3 6.bxc3 Bg7 7.Bc4 c5 8.Ne2 O-O
9.O-O Nc6 10.Be3 Bg4 11.f3 Na5 12.Bxf7+ Rxf7 13.fxg4 Rxf1+ 14.Kxf1 cxd4 15.cxd4 e5
16.Rc1 b5 17.dxe5 Qxd1+ 18.Rxd1 Bxe5 19.Rd7 a6 20.Nd4 Nc4 21.Ke2 Bxh2 22.Nf3 Bd6
23.Bd4 Re8 24.Rg7+ Kf8 25.Kd3 Re7 26.Rxe7 Bxe7 27.a4 Nd6 28.axb5 Nxb5 29.Bb6 Kf7
30.e5 Ke6 31.Ke4 Nc3+ 32.Kd4 Nb5+ 33.Ke4 Kd7 34.Ba5 Kc6 35.Nd4+ Kc5 36.Nb3+ Kc6
37.Nd4+ Nxd4 38.Kxd4 Bc5+ 39.Kc4 Bf2 40.Bb4 Bb6 41.Ba3 Bf2 42.e6 a5 43.Be7 Be1
44.Ba3 Bb4 45.Bxb4 axb4 46.Kxb4 Kd6 47.Kc4 Kxe6 48.Kd4 Kf6 49.Ke4 Kg5 50.Kf3 Kh4
51.Kf4 h6 52.g3+ Kh3 53.g5 h5 54.Kf3 h4 55.gxh4 Kxh4 56.Kf4 Kh5 57.Kf3 Kxg5
58.Kg3 Kf5 59.Kf3  1/2-1/2

[Event "White Nights Women"]
[Site "St Petersburg RUS"]
[Date "2000.07.04"]
[Round "11"]
[White "Zimina,O"]
[Black "Lymar,I"]
[Result "1/2-1/2"]
[WhiteElo "2163"]
[BlackElo "2347"]

1.c4 Nf6 2.Nc3 d5 3.cxd5 Nxd5 4.d4 Nxc3 5.bxc3 g6 6.e4 Bg7 7.Bc4 c5 8.Ne2 Nc6
9.O-O cxd4 10.cxd4 Bg4  1/2-1/2

[Event "29th ch-GRE Team"]
[Site "Athens GRE"]
[Date "2000.07.06"]
[Round "1"]
[White "Karanikolas,K"]
[Black "Mouroutis,K"]
[Result "1/2-1/2"]
[WhiteElo "2238"]
[BlackElo "2222"]

1.d4 Nf6 2.c4 g6 3.Nc3 d5 4.cxd5 Nxd5 5.e4 Nxc3 6.bxc3 Bg7 7.Bc4 O-O 8.Ne2 c5
9.O-O Nc6 10.Be3 cxd4 11.cxd4 Bg4 12.f3 Na5 13.Bd3 Be6 14.Qa4 a6 15.Rad1 b5
16.Qa3 Nc4 17.Bxc4 Bxc4 18.Rfe1 a5 19.d5 b4 20.Qa4 Qe8 21.Qxe8 Rfxe8 22.Rd2 Bxe2
23.Rexe2 Rec8 24.f4 Bc3 25.Rd1 a4 26.e5 Rd8 27.Bc5 Ra5 28.Bxe7 Rdxd5 29.Rb1 Rd4
30.g3 Rad5 31.Kf2 Rb5 32.Rc2 Rc4 33.Ke2 Kg7 34.Bf6+ Kf8 35.e6 Rbc5 36.Bxc3 fxe6
37.Rxb4 Rxc3 38.Rxc3 Rxc3 39.Rxa4 Rc2+ 40.Kf3 Rxh2 41.Ra7 Rc2 42.Kg4 h6 43.a4 Rc4
44.a5 e5  1/2-1/2

[Event "ch-SWE"]
[Site "Orebro SWE"]
[Date "2000.07.06"]
[Round "5"]
[White "Hellsten,J"]
[Black "Hillarp Persson,T"]
[Result "1/2-1/2"]
[WhiteElo "2470"]
[BlackElo "2549"]

1.d4 Nf6 2.c4 g6 3.Nc3 d5 4.cxd5 Nxd5 5.e4 Nxc3 6.bxc3 Bg7 7.Bb5+ c6 8.Ba4 O-O
9.Ne2 Nd7 10.O-O e5 11.Be3 Qe7 12.Qc2 Nb6 13.Bb3 Be6 14.f4 exd4 15.Bxd4 Bh6
16.Bxe6 Qxe6 17.f5 Qc4 18.Rf3 c5 19.Be3 Bxe3+ 20.Rxe3 Rad8 21.Rf1 Qa4 22.Qxa4 Nxa4
23.Nf4 Nb6 24.e5 Nc4 25.Re2 Rfe8 26.fxg6 fxg6 27.e6 Rd6 28.h4 b5 29.g4 a5
30.g5 b4 31.cxb4 axb4 32.e7 Rd7 33.Rc1 Nd2 34.Rxc5 Rexe7 35.Rxe7 Rxe7 36.Nd5 Re2
37.Nxb4 Nf3+ 38.Kf1 Rd2 39.Rc2 Nh2+ 40.Kg1 Nf3+ 41.Kf1 Nh2+ 42.Kg1 Nf3+ 43.Kf1  1/2-1/2

[Event "ch-NOR"]
[Site "Asker NOR"]
[Date "2000.07.08"]
[Round "1"]
[White "Elsness,F"]
[Black "Bae,T"]
[Result "1/2-1/2"]
[WhiteElo "2396"]
[BlackElo "2218"]

1.d4 Nf6 2.c4 g6 3.Nc3 d5 4.cxd5 Nxd5 5.e4 Nxc3 6.bxc3 Bg7 7.Nf3 c5 8.Rb1 O-O
9.Be2 cxd4 10.cxd4 Qa5+ 11.Bd2 Qxa2 12.O-O Bg4 13.Bg5 h6 14.Be3 Nc6 15.d5 Rfd8
16.Rxb7 e6 17.Rc7 exd5 18.Rxc6 dxe4 19.Nd2 Bxe2 20.Qxe2 a5 21.h4 a4 22.h5 g5
23.f4 Qd5 24.Rc5 Qd3 25.Qf2 Bd4 26.Bxd4 Qxd4 27.Qxd4 Rxd4 28.Nc4 gxf4 29.Rxf4 a3
30.Nxa3 Rxa3 31.Rc8+ Kg7 32.Rc7 Rg3 33.Rfxf7+ Kg8 34.Rfe7 Kf8 35.Kf2 Rg5
36.Ke3 Rd6  1/2-1/2

[Event "29th ch-GRE Team"]
[Site "Athens GRE"]
[Date "2000.07.08"]
[Round "3"]
[White "Kalesis,N"]
[Black "Tsarouhas,V"]
[Result "1-0"]
[WhiteElo "2434"]
[BlackElo "2197"]

1.d4 Nf6 2.c4 g6 3.Nc3 d5 4.cxd5 Nxd5 5.e4 Nxc3 6.bxc3 Bg7 7.Bc4 c5 8.Ne2 Nc6
9.Be3 O-O 10.O-O Bg4 11.f3 Na5 12.Bd3 Be6 13.d5 c4 14.Bc2 Bd7 15.Qd2 Re8
16.f4 e6 17.d6 e5 18.f5 Bc6 19.Rad1 Qd7 20.f6 Bh8 21.Bg5 Re6 22.Ng3 Rd8 23.Qe3 b6
24.Nf5 h5 25.Bh4 Nb7 26.Qh6 gxf5 27.Rxf5 Rxf6 28.Bxf6 Bxf6 29.Qxf6  1-0

[Event "t-EuCh U18"]
[Site "Balatonlelle HUN"]
[Date "2000.07.09"]
[Round "1"]
[White "Vavrak,P"]
[Black "Eljanov,P"]
[Result "0-1"]
[WhiteElo "2361"]
[BlackElo "2487"]

1.d4 Nf6 2.c4 g6 3.Nc3 d5 4.cxd5 Nxd5 5.e4 Nxc3 6.bxc3 Bg7 7.Nf3 c5 8.Rb1 O-O
9.Be2 b6 10.O-O Bb7 11.Qd3 Qc7 12.d5 Nd7 13.c4 e6 14.dxe6 fxe6 15.Ng5 Rfe8
16.f4 h6 17.Nh3 Rad8 18.Qc2 e5 19.Bf3 Nf6 20.fxe5 Qxe5 21.Bb2 Bxe4 22.Qc1 Qd6
23.Bxf6 Bxf6 24.Bxe4 Rxe4 25.Qxh6 Rg4 26.Kh1 Qc6 27.Nf4 Bg5 28.Qxg6+ Qxg6
29.Nxg6 Rxc4 30.Rb3 Rc1 31.Rxc1 Bxc1 32.h4 Rd4 33.h5 Kg7 34.Kg1 c4 35.Rg3 Kh6
36.Ne7 Kxh5 37.Rg8 c3 38.Nf5 c2 39.Kh2 Bf4+ 40.Kh3 Rd3+  0-1

[Event "t-EuCh U18"]
[Site "Balatonlelle HUN"]
[Date "2000.07.09"]
[Round "1"]
[White "Jianu,V"]
[Black "Novak,G"]
[Result "1-0"]
[WhiteElo "2293"]
[BlackElo "2141"]

1.d4 Nf6 2.c4 g6 3.Nc3 d5 4.cxd5 Nxd5 5.e4 Nxc3 6.bxc3 Bg7 7.Nf3 c5 8.Rb1 Nc6
9.d5 Ne5 10.Nxe5 Bxe5 11.Qd2 O-O 12.f4 Bc7 13.Be2 e5 14.dxe6 Bxe6 15.Rxb7 Bb6
16.Qxd8 Rfxd8 17.O-O Bxa2 18.f5 Rab8 19.Re7 Re8 20.Bg5 gxf5 21.exf5 Rxe7
22.Bxe7 Re8 23.f6 c4+ 24.Kh1 Bd8 25.Ra1 Bb3 26.Rxa7 Bb6 27.Ra6 Be3 28.Rd6 Bc5
29.Rd7 h6 30.Bf3 Ba3 31.h4 Bb2 32.Bb4 Re3 33.Bd5 Bxc3 34.Bxc3 Rxc3 35.Rd8+  1-0

[Event "t-EuCh U18"]
[Site "Balatonlelle HUN"]
[Date "2000.07.10"]
[Round "2"]
[White "Blasko,I"]
[Black "Zubov,A UKR"]
[Result "0-1"]
[WhiteElo "2383"]
[BlackElo "2439"]

1.d4 Nf6 2.c4 g6 3.Nc3 d5 4.cxd5 Nxd5 5.e4 Nxc3 6.bxc3 Bg7 7.Bc4 c5 8.Ne2 O-O
9.O-O Nc6 10.Be3 Qc7 11.Rc1 Rd8 12.Bf4 Qd7 13.dxc5 Na5 14.Bb3 Qe8 15.Qc2 Bd7
16.Rfd1 Rdc8 17.Be3 Bb5 18.c4 Bd7 19.Qd2 Nxb3 20.axb3 Bc6 21.Qc2 Rab8 22.f3 b6
23.cxb6 axb6 24.Nc3 b5 25.c5 b4 26.Nd5 e6 27.Nb6 Rd8 28.Rxd8 Rxd8 29.Rd1 Rxd1+
30.Qxd1 f5 31.Qd3 fxe4 32.fxe4 Qe7 33.Qc4 Qf6 34.Qxb4 Qa1+ 35.Kf2 Qb2+ 36.Kf3 Qf6+
37.Ke2 h5 38.g3 Qb2+ 39.Bd2 Qb1 40.Qc4 Kh7 41.Qd3 Qh1 42.Qf3 Qxh2+ 43.Kd3 Qg1
44.Qe3 Qa1 45.Kc4 Qf1+ 46.Kb4 Qb5+ 47.Ka3 Qa6+ 48.Na4 e5 49.Bc3 Qb7 50.Qg5 Bxe4
51.Bxe5 Bc2 52.Nb6 Qf3 53.Kb4 Qxb3+ 54.Ka5 Bd3  0-1

[Event "t-EuCh U18"]
[Site "Balatonlelle HUN"]
[Date "2000.07.10"]
[Round "2"]
[White "Jianu,V"]
[Black "Bromberger,S"]
[Result "0-1"]
[WhiteElo "2293"]
[BlackElo "2375"]

1.d4 Nf6 2.c4 g6 3.Nc3 d5 4.cxd5 Nxd5 5.e4 Nxc3 6.bxc3 Bg7 7.Nf3 c5 8.Rb1 O-O
9.Be2 Nc6 10.d5 Ne5 11.Nxe5 Bxe5 12.Qd2 e6 13.f4 Bc7 14.O-O exd5 15.exd5 Ba5
16.d6 b6 17.Bf3 Bf5 18.Bxa8 Bxb1 19.Bd5 Bf5 20.Re1 Qf6 21.Bb2 Rd8 22.Re5 Qxd6
23.Qe2 c4 24.Re8+ Kg7 25.Rxd8 Qxd8 26.Bxc4 Qd6 27.Bd5 Qxf4 28.c4+ Kh6 29.Bxf7 Bb4
30.Bd5 Bg4 31.Bf3 Bc5+ 32.Kf1 Qxh2 33.Qd2+ g5 34.Bg7+ Kg6 35.Be4+ Kh5  0-1

[Event "t-EuCh U18"]
[Site "Balatonlelle HUN"]
[Date "2000.07.11"]
[Round "3"]
[White "Djukic,Ni"]
[Black "Seel,C"]
[Result "1/2-1/2"]
[WhiteElo "2332"]
[BlackElo "2234"]

1.d4 Nf6 2.c4 g6 3.Nc3 d5 4.cxd5 Nxd5 5.e4 Nxc3 6.bxc3 Bg7 7.Bc4 c5 8.Ne2 Nc6
9.Be3 cxd4 10.cxd4 Qa5+ 11.Kf1 O-O 12.Rc1 Qh5 13.Qd2 Rd8 14.d5 Ne5 15.Bb5 Qh4
16.Ng3 h6 17.Bd4 Bg4 18.f4 Bd7 19.Be2 Ng4 20.Bxg7 Kxg7 21.Bxg4 Qxg4 22.Kf2 Rac8
23.Ne2 Kh7 24.h3 Qh4+ 25.g3 Rxc1 26.Qxc1 Qf6 27.Qc7 Qb6+ 28.Qxb6 axb6 29.Ke3 Ra8
30.Nc3 b5 31.Rb1 Bxh3 32.Rxb5 Ra7 33.Kd4 Bd7 34.Rb6 Kg7 35.e5 g5 36.fxg5 hxg5
37.Kc5 Ra5+ 38.Kb4 Ra7 39.a4 f5 40.exf6+ exf6 41.a5 f5 42.Rd6 Be8 43.Ne2 Bf7
44.Nd4 f4 45.g4 Ra8 46.Nf3 Re8 47.Nxg5 Re5 48.Ne6+ Bxe6 49.dxe6 f3 50.Rd7+ Kf6
51.Rf7+ Kxe6 52.Rxf3 Re4+ 53.Kc5 Rxg4 54.Rb3 Kd7 55.Rxb7+ Kc8 56.Rb6 Kc7
57.Kb5 Rg8  1/2-1/2

[Event "It"]
[Site "Techirghiol ROM"]
[Date "2000.07.11"]
[Round "9"]
[White "Florescu,C"]
[Black "Kutnik,A"]
[Result "1-0"]
[WhiteElo "2362"]
[BlackElo "2256"]

1.d4 Nf6 2.c4 g6 3.Nc3 d5 4.cxd5 Nxd5 5.e4 Nxc3 6.bxc3 Bg7 7.Bb5+ c6 8.Ba4 O-O
9.Ne2 Be6 10.O-O Bc4 11.Bb3 Bxe2 12.Qxe2 e5 13.Ba3 Re8 14.d5 cxd5 15.Bxd5 Nc6
16.Rab1 Qc7 17.Rfd1 Bf8 18.Bc1 Rac8 19.Be3 b6 20.Rf1 Nd8 21.Bd2 Ne6 22.g3 Bd6
23.h4 Re7 24.h5 Rce8 25.Kg2 Kh8 26.Rh1 g5 27.h6 f6 28.a4 Bc5 29.a5 Qd6 30.axb6 axb6
31.Be3 Rc7 32.Qf3 Nf8 33.Rhd1 Qe7 34.Bxc5 bxc5 35.Rb6 Nd7 36.Re6 Qf8 37.Rxe8 Qxe8
38.Ra1 Qf8 39.Ra8 Rc8 40.Rxc8 Qxc8 41.Be6  1-0

[Event "t-EuCh U18"]
[Site "Balatonlelle HUN"]
[Date "2000.07.12"]
[Round "4"]
[White "Kjartansson,D"]
[Black "Szeberenyi,A"]
[Result "1-0"]
[WhiteElo "2258"]
[BlackElo "2357"]

1.d4 Nf6 2.c4 g6 3.Nc3 d5 4.cxd5 Nxd5 5.e4 Nxc3 6.bxc3 Bg7 7.Nf3 c5 8.Rb1 O-O
9.Be2 cxd4 10.cxd4 Qa5+ 11.Bd2 Qxa2 12.O-O b6 13.Qc1 Qe6 14.Bc4 Qxe4 15.Re1 Qb7
16.Bb4 Be6 17.Rxe6 fxe6 18.Ng5 Nc6 19.Nxe6 Kh8 20.Bc3 Bf6 21.Qh6 Rg8 22.Re1 Nd8
23.Ng5 Rg7 24.Re3 Rc8 25.Nxh7 Nf7 26.Bxf7 Rxh7 27.Qxg6 Rf8 28.Be6 Qb8 29.Rg3 Qe8
30.Qd3 Rh4 31.d5 Qh5 32.d6 Qc5 33.Rh3 Rxh3 34.Qxh3+ Kg7 35.Qg4+ Kh6 36.Bf5 Bg5  1-0

[Event "Staffordshire IM"]
[Site "Lichfield ENG"]
[Date "2000.07.13"]
[Round "8"]
[White "Ernst,S"]
[Black "Beaumont,C"]
[Result "1/2-1/2"]
[WhiteElo "2392"]
[BlackElo "2290"]

1.d4 Nf6 2.c4 g6 3.Nc3 d5 4.cxd5 Nxd5 5.e4 Nxc3 6.bxc3 Bg7 7.Nf3 c5 8.Rb1 O-O
9.Be2 b6 10.O-O Bb7 11.Qd3 e6 12.Bg5 Qd6 13.Qe3 Rc8 14.Rfd1 Nd7 15.Bb5 Bc6
16.Ba6 Re8 17.h4 Qf8 18.h5 h6 19.hxg6 hxg5 20.Nxg5 fxg6 21.Qh3 Nf6 22.Bc4 Bd7
23.e5 Nh5 24.d5 Qf4 25.dxe6 Ba4 26.Bd5 Qxg5 27.e7+ Kh7 28.Bxa8 Bxd1 29.Rxd1 Rxa8
30.Qd7 Qxe5 31.Qd8 Rb8 32.Qxb8 Qxb8 33.Rd8 Qe5 34.e8=Q Qxc3 35.g4 Nf6 36.Qe6 Qc1+
37.Kg2 Qf4 38.f3 c4 39.Rd1 c3 40.Rh1+ Bh6 41.Qf7+ Kh8 42.Qf8+ Kh7 43.Qf7+ Kh8
44.Qf8+ Kh7  1/2-1/2

[Event "ch-SWE"]
[Site "Orebro SWE"]
[Date "2000.07.13"]
[Round "11"]
[White "Barkhagen,J"]
[Black "Ernst,T"]
[Result "1-0"]
[WhiteElo "2449"]
[BlackElo "2409"]

1.d4 Nf6 2.c4 g6 3.Nc3 d5 4.cxd5 Nxd5 5.e4 Nxc3 6.bxc3 Bg7 7.Nf3 c5 8.Rb1 O-O
9.Be2 Nc6 10.d5 Ne5 11.Nxe5 Bxe5 12.Qd2 e6 13.f4 Bh8 14.c4 Re8 15.e5 f6 16.d6 fxe5
17.O-O exf4 18.Qxf4 Bd4+ 19.Kh1 Qd7 20.Bf3 Rd8 21.Be4 Bg7 22.Rd1 Bd4 23.Qg5 Rf8
24.Bf4 Qf7 25.Rf1 Qf6 26.Qh6 Rb8 27.Rf3 Bd7 28.Rbf1 Qg7 29.Qh4 Bf6 30.Qf2 Bd4
31.Qd2 b5 32.Qc1 Bb2 33.Qc2 bxc4 34.h4 Be5 35.Bg5 c3 36.Be7 Rf5 37.Bxf5 exf5
38.Rb1 Rb2 39.Rxb2 cxb2 40.Rb3 Bd4 41.Rb8+ Kf7 42.Qb3+ c4 43.Qxc4+ Be6 44.Qc6 Qh8
45.Qb7 Qc8 46.Rxc8 Bxc8 47.Qb3+ Be6 48.Qb8 Bd7 49.Bg5 Ke6 50.Be3 Bb6 51.Qg8+ Kxd6
52.Bf4+ Ke7 53.Qg7+  1-0

[Event "t-EuCh U18"]
[Site "Balatonlelle HUN"]
[Date "2000.07.14"]
[Round "6"]
[White "Jianu,V"]
[Black "Hindermann,F"]
[Result "1/2-1/2"]
[WhiteElo "2293"]
[BlackElo "2181"]

1.d4 Nf6 2.c4 g6 3.Nc3 d5 4.cxd5 Nxd5 5.e4 Nxc3 6.bxc3 Bg7 7.Nf3 c5 8.Rb1 Nc6
9.d5 Bxc3+ 10.Bd2 Bxd2+ 11.Qxd2 Nd4 12.Nxd4 cxd4 13.Bb5+ Bd7 14.O-O O-O 15.Qxd4 Bxb5
16.Rxb5 Qd7 17.Rfb1 b6 18.a4 Rac8 19.h3 Rc7 20.a5  1/2-1/2

[Event "ch-SWE"]
[Site "Orebro SWE"]
[Date "2000.07.14"]
[Round "12"]
[White "Agrest,E"]
[Black "Barkhagen,J"]
[Result "1/2-1/2"]
[WhiteElo "2554"]
[BlackElo "2449"]

1.c4 g6 2.d4 Nf6 3.Nc3 d5 4.cxd5 Nxd5 5.e4 Nxc3 6.bxc3 Bg7 7.Nf3 c5 8.Rb1 O-O
9.Be2 cxd4 10.cxd4 Qa5+ 11.Bd2 Qxa2 12.O-O Bg4 13.Bg5 h6 14.Be3 Nc6 15.d5 Bxf3
16.Bxf3 Ne5 17.Rxb7 a5 18.Rxe7 a4 19.Bd4 Nxf3+ 20.gxf3 Bxd4 21.Qxd4 a3 22.Kg2 Qb2
23.Qxb2 axb2 24.Rb7 Rfb8 25.Rxb8+ Rxb8 26.Rb1 Kg7 27.f4 Kf6 28.h4 Rb3 29.f3 Ke7
30.e5 h5 31.Kf2 f6 32.Ke2 Rb5 33.Ke3 fxe5 34.fxe5 Rxd5 35.Rxb2  1/2-1/2

[Event "t-EuCh U18"]
[Site "Balatonlelle HUN"]
[Date "2000.07.15"]
[Round "7"]
[White "Zubov,A UKR"]
[Black "Szeberenyi,A"]
[Result "1-0"]
[WhiteElo "2439"]
[BlackElo "2357"]

1.d4 Nf6 2.c4 g6 3.Nc3 d5 4.cxd5 Nxd5 5.e4 Nxc3 6.bxc3 Bg7 7.Nf3 c5 8.Rb1 O-O
9.Be2 cxd4 10.cxd4 Qa5+ 11.Bd2 Qxa2 12.O-O b6 13.Qc1 Qe6 14.Bd3 Ba6 15.Bxa6 Nxa6
16.Qa3 Nc7 17.Rfe1 Qd7 18.d5 Nb5 19.Qd3 a6 20.Rbc1 Rac8 21.Rxc8 Rxc8 22.h4 Ra8
23.h5 a5 24.h6 Bh8 25.Rb1 Nd6 26.Rxb6 a4 27.e5 a3 28.Ra6 Qb7 29.Rxa3 Rxa3
30.Qxa3 Nc4 31.Qa4 Qc8 32.Qc6 Qxc6 33.dxc6 Kf8 34.c7 Nb6 35.Be3 Nc8 36.Bd4 Ke8
37.Ng5 f6 38.e6 fxg5 39.Bxh8  1-0

[Event "Canadian Open"]
[Site "Edmondton CAN"]
[Date "2000.07.16"]
[Round "10"]
[White "Odachowski,A"]
[Black "Haessel,D"]
[Result "1/2-1/2"]
[WhiteElo "2214"]
[BlackElo "2172"]

1.d4 Nf6 2.c4 g6 3.Nc3 d5 4.cxd5 Nxd5 5.e4 Nxc3 6.bxc3 Bg7 7.Be3 c5 8.Qd2 Qa5
9.Rc1 cxd4 10.cxd4 Qxd2+ 11.Kxd2 O-O 12.Bd3 Rd8 13.Nf3 Nc6 14.e5 Bg4 15.Rc4 Be6
16.Ra4 Bd7 17.Rc4 Be6  1/2-1/2

[Event "It"]
[Site "Bergen NOR"]
[Date "2000.07.21"]
[Round "1"]
[White "Lahlum,H"]
[Black "Ekeberg,C"]
[Result "1-0"]
[WhiteElo "2215"]
[BlackElo "2066"]

1.d4 Nf6 2.c4 g6 3.Nc3 d5 4.cxd5 Nxd5 5.e4 Nxc3 6.bxc3 Bg7 7.Nf3 c5 8.Be3 O-O
9.Qd2 Qa5 10.Rc1 Bg4 11.Be2 Rd8 12.d5 Nc6 13.O-O e6 14.Qb2 exd5 15.exd5 Bxf3
16.Bxf3 Ne5 17.Be2 b6 18.f4 Nd7 19.f5 Nf6 20.fxg6 hxg6 21.Bg5 Rd6 22.Bf4 Rxd5
23.Bf3 Re8 24.Bxd5 Nxd5 25.Qd2 Nxc3 26.Rce1 Bd4+ 27.Qxd4 cxd4 28.Rxe8+ Kh7
29.Be5 Ne2+ 30.Kh1 Kh6 31.Rh8+ Kg5 32.Bf6+ Kg4 33.Rh4+  1-0